000
00321nam a22001457a 4500
003
SGT
020
_a
9780571119786
082
_a
320.917
_b
F82M
100
_a
MORTIMER, EDWARD
245
_a
FAITH AND POWER
260
_a
INDIA
_b
FABER AND FABER
_c
1982
300
_a
432
650
_a
INDIAN POLITICS
942
_2
ddc
_c
BK
999
_c
26284
_d
26284